000 00341nam a2200133Ia 4500
008 100328s9999 xx 000 0 und d
082 _b19477
100 _aपै शिरीष
245 _aहृदयरंग
260 _bनीलकंठ
630 _aहृदयरंग
730 _aहृदयरंग
942 _cBOOK
999 _c513787
_d513784